Využitie DNA biosenzorov pri sledovaní účinku nanomateriálov
Gespeichert in:
| 1. Verfasser: | |
|---|---|
| Weitere Verfasser: | |
| Format: | Manuskript Buch |
| Sprache: | Slowakisch |
| Veröffentlicht: |
2016
|
| Schlagworte: | |
| Online-Zugang: | http://is.stuba.sk/zp/portal_zp.pl?podrobnosti=101717 |
| Tags: |
Keine Tags, Fügen Sie das erste Tag hinzu!
|
MARC
| LEADER | 00000ntm a22000003a 4500 | ||
|---|---|---|---|
| 001 | stuzp52530 | ||
| 003 | SK-STU | ||
| 005 | 20160719154212.4 | ||
| 007 | ta | ||
| 008 | 150427s2015----xo-----f-mn---000-0-slo-d | ||
| 040 | |a STU |b slo | ||
| 041 | 0 | |a slo | |
| 100 | 1 | |a Elková, Martina |u 041180 |4 aut |U FCHPT Ústav analytickej chémie |T FCHPT Oddelenie analytickej chémie |X 61166 |U C1180 |Y 108 |7 61166 | |
| 242 | 0 | 1 | |a Use of DNA biosensors in monitoring the effects of nanomaterials |y eng |
| 245 | 1 | 0 | |a Využitie DNA biosenzorov pri sledovaní účinku nanomateriálov |
| 260 | |c 2016 | ||
| 650 | 4 | |a biosenzor |2 slo | |
| 650 | 4 | |a DNA |2 slo | |
| 650 | 4 | |a nanomateriály |2 slo | |
| 650 | 4 | |a DNA |2 eng | |
| 650 | 4 | |a biosensor |2 eng | |
| 650 | 4 | |a nanomaterials |2 eng | |
| 700 | 1 | |a Blaškovičová, Jana |u 041000 |k Z1 |4 ths |U FCHPT Fakulta chemickej a potravinárskej technológie |T FCHPT Ústav analytickej chémie |X 66699 |U C1000 |Y 99 |7 A0000066699 | |
| 856 | 4 | |u http://is.stuba.sk/zp/portal_zp.pl?podrobnosti=101717 | |
| SQL | |a stuzp52530 |b DBP |c SLO |d Využitie DNA biosenzorov pri sledovaní účinku nanomateriálov |e 61166 |f Elková, Martina |g 041180 |h 66699 |i Blaškovičová, Jana |j 20160711 |k 753 |l 04 |m http://is.stuba.sk/zp/portal_zp.pl?podrobnosti=101717 |n B-CHEMAT |o 4.1.14. chémia, 5.2.18. chemické technológie | ||